OH NO! The countries of Asia have fallen into the sea. - Statistics

General Stats
  • This quiz has been taken 74 times
  • The average score is 46 of 49
Answers on the Map
Answers color-coded by a green-red scale on the quiz's map according to % correct below.
 
Answer Stats
Answer % Correct
Bangladesh
100%
Israel
100%
China
98%
India
98%
Indonesia
98%
Iran
98%
Iraq
98%
Japan
98%
Oman
98%
Saudi Arabia
98%
Thailand
98%
Afghanistan
97%
Kyrgyzstan
97%
Malaysia
97%
Mongolia
97%
Nepal
97%
North Korea
97%
Pakistan
97%
South Korea
97%
Turkey
97%
Turkmenistan
97%
Uzbekistan
97%
Vietnam
97%
Yemen
97%
Azerbaijan
95%
Bhutan
95%
Georgia
95%
Jordan
95%
Kazakhstan
95%
Qatar
95%
Singapore
95%
Taiwan
95%
Laos
93%
Tajikistan
93%
United Arab Emirates
93%
Armenia
92%
Bahrain
92%
Brunei
92%
Cambodia
92%
Myanmar
92%
Maldives
90%
Russia
90%
Syria
90%
Lebanon
88%
Philippines
88%
Timor-Leste
88%
Kuwait
86%
Sri Lanka
86%
Palestine
36%
No matching quizzes found
Score Distribution
Percent of People with Each Score
Percentile by Number Answered
Your Score History
You have not taken this quiz